LEADER 01883nam0 22003613i 450 001 VAN00004535 005 20240806100223.909 020 $aIT$b80 5386 100 $a20020723d1980 |0itac50 ba 101 $aita 102 $aIT 105 $a|||| ||||| 200 1 $aˆIl ‰regime delle trasformazioni urbanistiche ed edilizie$ecommentario della Legge n. 10, 1977$eaggiornamento$fVincenzo Giuffrè 210 $aNapoli$cJovene$d1980 215 $a325 p.$d24 cm 316 $aFondo Tribunale Napoli$5IT-IT-CE0105 CONSFTA.265 316 $aFondo Tribunale Napoli$5IT-IT-CE0105 CONSFTA.265bis 316 $aFondo Tribunale$5IT-IT-CE0105 CONSIv.Eof.17abis 606 $aAree fabbricabili$xLegislazione$3VANC002842$2FI 606 $aDiritto di edificare$xGiurisprudenza$3VANC002853$2FI 606 $aDiritto di edificare$xLegislazione$3VANC002852$2FI 620 $dNapoli$3VANL000005 676 $a346$cDiritto privato$v22 700 1$aGiuffrè$bVincenzo$3VANV001791$0352913 712 $aJovene $3VANV107888$4650 801 $aIT$bSOL$c20260130$gRICA 912 $aVAN00004535 950 $aBIBLIOTECA DEL DIPARTIMENTO DI GIURISPRUDENZA$d00CONS FTA.265 $e00FTN7411 20140213 Fondo Tribunale Napoli 950 $aBIBLIOTECA DEL DIPARTIMENTO DI GIURISPRUDENZA$d00CONS FTA.265 bis $e00FTN7339 20141111 Fondo Tribunale Napoli 950 $aBIBLIOTECA DEL DIPARTIMENTO DI GIURISPRUDENZA$d00CONS IV.Eof.17a $e00 5323 20020724 950 $aBIBLIOTECA DEL DIPARTIMENTO DI GIURISPRUDENZA$d00CONS Iv.Eof.17a bis $e00FT 36006 20100308 Fondo Tribunale 996 $aRegime delle trasformazioni urbanistiche ed edilizie$9325372 997 $aUNICAMPANIA